<The> Communication Aspect of Business Negotiations in the Intercultural Context
Význam znalosti kultúrneho zázemia obchodného partnera. Vplyv kultúry obchodného partnera na správanie a uvažovanie v obchodných rokovaniach.
Na minha lista:
| Autor principal: | |
|---|---|
| Formato: | Capítulo de Livro |
| Idioma: | inglês |
| Assuntos: | |
| Tags: |
Sem tags, seja o primeiro a adicionar uma tag!
|
MARC
| LEADER | 00000nla a2200000 4500 | ||
|---|---|---|---|
| 001 | 0214120 | ||
| 005 | 20240502073559.0 | ||
| 041 | 0 | |a eng | |
| 044 | |a SK | ||
| 245 | 1 | 0 | |a <The> Communication Aspect of Business Negotiations in the Intercultural Context |c Milena Helmová |
| 520 | |a Význam znalosti kultúrneho zázemia obchodného partnera. Vplyv kultúry obchodného partnera na správanie a uvažovanie v obchodných rokovaniach. | ||
| 610 | 2 | 0 | |a vyjednávanie |
| 610 | 2 | 0 | |a rokovania obchodné |
| 610 | 2 | 0 | |a komunikácia interkultúrna |
| 610 | 2 | 0 | |a kompetencie komunikačné |
| 100 | 1 | |a Helmová, Milena, 1954- | |